Normal view
MARC view
- علم نفس تجريبي
Entry Topical Term
001 - CONTROL NUMBER
- control field: 39336
003 - CONTROL NUMBER IDENTIFIER
- control field: JO-AjAnu
005 - DATE AND TIME OF LATEST TRANSACTION
- control field: 20230606080537.0
008 - FIXED-LENGTH DATA ELEMENTS
- fixed length control field: 230606|| aca||aabn | a|a d
040 ## - CATALOGING SOURCE
- Original cataloging agency: JO-AjAnu
- Transcribing agency: JO-AjAnu
150 ## - HEADING--TOPICAL TERM
- Topical term or geographic name entry element: علم نفس تجريبي
670 ## - SOURCE DATA FOUND
- Source citation: Work cat.: (JO-AjAnu)20172: جيفيز، مالكولم ، ترجمة الجصاني، ضياء؛ مراجعة الحمداني، موفق, author 39335, علم النفس التجريبي